Spécialités lycéés français - Statistiques

Statistiques générales
  • Ce quiz a été pris 318 fois
  • Le résultat moyen est 8 sur 12
Statistiques - réponses
Hint Spécialités % Correct
Bac S Physique-Chimie
99%
Bac S Mathématiques
98%
Bac S Science Vie et Terre
97%
Bac L Humanité, Littérature, Philosophie
91%
Bac ES Sciences Economiques et Sociales
90%
Bac ES/L Histoire-Géographie, Géopolitique et Sciences Politiques
81%
Bac L Langue, Littérature, Culture Etrangère ou Régionale
71%
Bac S Numérique Sciences Informatiques
66%
Nouveau Education, Pratique, Physique, Culturelle et Sporitve
47%
Bac S Science de l'Ingénieur
27%
Bac L Langue Culture Antiquité(Grec/Latin)
26%
Nouveau Biologie-Agrologie
17%
Aucun quiz correspondant
Distribution des résultats
% des personnes avec chaque résultat
Percentile par nombre de réponses
Votre historique - résultats
Vous n’avez pas pris ce quiz